Welcome to the Holygrace Academy Library

Please use search bar below to get started

WONDERS OF NUMBERS (Record no. 1287)

MARC details
000 -LEADER
fixed length control field 00405nam a22001577a 4500
020 ## - INTERNATIONAL STANDARD BOOK NUMBER
ISBN 0-19-568699-3
082 ## - DEWEY DECIMAL CLASSIFICATION NUMBER
Classification number 510
Item number PIC/W
100 ## - MAIN ENTRY--AUTHOR NAME
Personal name PICKOVER, CLIFFORD A
245 ## - TITLE STATEMENT
Title WONDERS OF NUMBERS
250 ## - EDITION STATEMENT
Edition statement FIRST EDITION
260 ## - PUBLICATION, DISTRIBUTION, ETC. (IMPRINT)
Place of publication NEWYORK
Name of publisher OXFORD UNIVERSITY PRESS
Year of publication 2001
300 ## - PHYSICAL DESCRIPTION
Number of Pages 396
520 ## - SUMMARY, ETC.
Summary, etc ADVENTURES IN MATHEMATICS, MIND AND MEANING
650 ## - SUBJECT ADDED ENTRY--TOPICAL TERM
Topical Term MATHS REFERENCE
Geographic subdivision INDIA
942 ## - ADDED ENTRY ELEMENTS (KOHA)
Koha item type Books
Holdings
Withdrawn status Lost status Collection code Home library Current library Shelving location Date acquired Source of acquisition Cost, normal purchase price Full call number Accession Number Koha item type
    Reference Main Library Main Library SHELF-5 A REFERENCE MATHS 23/10/2006 purchase 395.00 510 PIC/W 03363 Books